Southville International School and Colleges
Your cart is empty.
  • Cart
  • Lists
    Public lists Eva Luna New books Lux_list list_1
    Your lists Log in to create your own lists
  • Log in to your account
  • Your cookies
  • Search history
Southville International School and Colleges
  • Advanced search
  • Recent comments
  • Most popular
  • Libraries

Log in to your account

Log in with GOOGLE


If you do not have an external account, but do have a local account, you can still log in:

  1. Home
  2. MARC view: The Odyssey :
Normal view MARC view ISBD view

The Odyssey : (Record no. 358169)

[ view plain ]
MARC details
000 -LEADER
fixed length control field 00747nam a22002297a 4500
003 - CONTROL NUMBER IDENTIFIER
control field SISC
005 - DATE AND TIME OF LATEST TRANSACTION
control field 20180724150330.0
008 - FIXED-LENGTH DATA ELEMENTS--GENERAL INFORMATION
fixed length control field 180724b xxu||||| |||| 00| 0 eng d
020 ## - INTERNATIONAL STANDARD BOOK NUMBER
International Standard Book Number 9780451530684
050 ## - LIBRARY OF CONGRESS CALL NUMBER
Classification number PA 4025
Item number .H767 2007
100 ## - MAIN ENTRY--PERSONAL NAME
Personal name Homer
245 ## - TITLE STATEMENT
Title The Odyssey :
Remainder of title the story of Odysseus /
Statement of responsibility, etc Homer ; translated by W. H. D. Rouse; with a new introduction by Deborah Steiner.
260 ## - PUBLICATION, DISTRIBUTION, ETC. (IMPRINT)
Place of publication, distribution, etc New York :
Name of publisher, distributor, etc Signet Classics,
Date of publication, distribution, etc c2007
300 ## - PHYSICAL DESCRIPTION
Extent xxiii, 344 pages ;
Dimensions 18 cm.
500 ## - GENERAL NOTE
General note Includes index.
650 ## - SUBJECT ADDED ENTRY--TOPICAL TERM
Topical term or geographic name as entry element Epic poetry, Greek
General subdivision Translations into English
650 ## - SUBJECT ADDED ENTRY--TOPICAL TERM
Topical term or geographic name as entry element Odysseus (Greek mythology)
Form subdivision Poetry
700 ## - ADDED ENTRY--PERSONAL NAME
Personal name Rouse, W. H. D.
Relator term translator
700 ## - ADDED ENTRY--PERSONAL NAME
Personal name Steiner, Deborah
942 ## - ADDED ENTRY ELEMENTS (KOHA)
Source of classification or shelving scheme Library of Congress Classification
Koha item type Books
Holdings
Withdrawn status Lost status Source of classification or shelving scheme Damaged status Home library Current library Shelving location Date acquired Source of acquisition Total Checkouts Full call number Barcode Date last seen Price effective from Koha item type
    Library of Congress Classification   Luxembourg Library Luxembourg Library High School Section 07/24/2018 Donation   PA 4025 .H767 2007 20510 07/24/2018 07/24/2018 Books

The Odyssey :

APA

Homer, Rouse W. H. D. & Steiner D. (2007). The Odyssey. New York: Signet Classics.

Chicago

Homer, Rouse W H D and Steiner Deborah. 2007. The Odyssey. New York: Signet Classics.

Harvard

Homer, Rouse W. H. D. and Steiner D. (2007). The Odyssey. New York: Signet Classics.

MLA

Homer, Rouse W H D and Steiner Deborah. The Odyssey. New York: Signet Classics. 2007.

  • Place hold
  • Print
  • Cite
  • Add to your cart (remove)
  • Save record
    BIBTEX Dublin Core MARCXML MARC (non-Unicode/MARC-8) MARC (Unicode/UTF-8) MARC (Unicode/UTF-8, Standard) MODS (XML) RIS
  • More searches
    Search for this title in:
    Other Libraries (WorldCat) Other Databases (Google Scholar) Online Stores (Bookfinder.com) Open Library (openlibrary.org)

Exporting to Dublin Core...

SOUTHVILLE LIBRARY

Southville International School and Colleges Library

1281 Tropical Ave. Cor. Luxembourg St., BF Homes International, Las Pinas City

Tel. No. 8256374 / 252358 Loc. 117/146

Powered by Koha